000 00284nam a2200109Ia 4500
008 190216s9999||||xx |||||||||||||| ||und||
100 _aRay Chaudhuri
245 0 _aSocial Cultural And Economic History Of Medival Age
260 _bSurjeet Pubs.Delhi
650 _aHistory
942 _cBK
999 _c19435
_d19435